Vom jüdischen Sabbat zum christlichen Sonntag. Biblische Überlegungen zum ersten und zum letzten Tag der Woche
| Main Author: | |
|---|---|
| Format: | Print Article |
| Language: | German |
| Check availability: | HBZ Gateway |
| Interlibrary Loan: | Interlibrary Loan for the Fachinformationsdienste (Specialized Information Services in Germany) |
| Published: |
2008
|
| In: |
Brixner theologisches Forum
Year: 2008, Volume: 119, Pages: 9-26 |
| Further subjects: | B
Sunday
B Sabbath |
MARC
| LEADER | 00000naa a22000002c 4500 | ||
|---|---|---|---|
| 001 | 1650491980 | ||
| 003 | DE-627 | ||
| 005 | 20190311214808.0 | ||
| 007 | tu | ||
| 008 | 190311s2008 xx ||||| 00| ||ger c | ||
| 035 | |a (DE-627)1650491980 | ||
| 035 | |a (DE-576)519605349 | ||
| 035 | |a (DE-599)BSZ519605349 | ||
| 040 | |a DE-627 |b ger |c DE-627 |e rakwb | ||
| 041 | |a ger | ||
| 084 | |a 1 |2 ssgn | ||
| 100 | 1 | |0 (DE-588)132306662 |0 (DE-627)521413257 |0 (DE-576)259314978 |4 aut |a Fistill, Ulrich |d 1967- | |
| 109 | |a Fistill, Ulrich 1967- | ||
| 245 | 1 | 0 | |a Vom jüdischen Sabbat zum christlichen Sonntag. Biblische Überlegungen zum ersten und zum letzten Tag der Woche |
| 264 | 1 | |c 2008 | |
| 336 | |a Text |b txt |2 rdacontent | ||
| 337 | |a ohne Hilfsmittel zu benutzen |b n |2 rdamedia | ||
| 338 | |a Band |b nc |2 rdacarrier | ||
| 601 | |a Sonntag | ||
| 650 | 0 | 7 | |0 (DE-588)4178803-5 |0 (DE-627)105338656 |0 (DE-576)209986913 |a Sabbat |2 gnd |
| 650 | 0 | 7 | |0 (DE-588)4055595-1 |0 (DE-627)10410662X |0 (DE-576)209114541 |a Sonntag |2 gnd |
| 773 | 0 | 8 | |i In |t Brixner theologisches Forum |d Brixen : Weger, 2002 |g 119(2008), Seite 9-26 |w (DE-627)345616588 |w (DE-600)2075982-4 |w (DE-576)098305123 |7 nnas |
| 773 | 1 | 8 | |g volume:119 |g year:2008 |g pages:9-26 |
| 935 | |a BIIN | ||
| 951 | |a AR | ||
| BIB | |a 1 | ||
| ELC | |b 1 | ||
| ITA | |a 1 |t 1 | ||
| LOK | |0 000 xxxxxcx a22 zn 4500 | ||
| LOK | |0 001 3337081231 | ||
| LOK | |0 003 DE-627 | ||
| LOK | |0 004 1650491980 | ||
| LOK | |0 005 20190311214808 | ||
| LOK | |0 008 190311||||||||||||||||ger||||||| | ||
| LOK | |0 035 |a (DE-Tue135-1)188620 | ||
| LOK | |0 040 |a DE-Tue135-1 |c DE-627 |d DE-Tue135-1 | ||
| LOK | |0 852 |a DE-Tue135-1 | ||
| LOK | |0 852 1 |c FTH098044/119/FLU/2 |m p |9 00 | ||
| LOK | |0 852 2 |b Z 1/67 |9 00 | ||
| LOK | |0 935 |a iZSA | ||
| LOK | |0 938 |k p | ||
| LOK | |0 939 |a 11-03-19 |b l12 | ||
| ORI | |a SA-MARC-ixtheoa001.raw | ||
| STA | 0 | 0 | |a Sabbath,Sunday,Sunday |
| STB | 0 | 0 | |a Dimanche,Dimanche,Sabbat,Shabbat,Shabbat |
| STC | 0 | 0 | |a Domingo,Domingo,Sábado,Sabbat,Sabbat |
| STD | 0 | 0 | |a Domenica,Domenica,Shabbat,Sabato,Sabato |
| STE | 0 | 0 | |a 安息日,星期日,星期日,礼拜日,周日,礼拜日,周日 |
| STF | 0 | 0 | |a 安息日,星期日,星期日,禮拜日,週日,禮拜日,週日 |
| STG | 0 | 0 | |a Domingo,Domingo,Sábado,Sabá,Sabá |
| STH | 0 | 0 | |a Воскресенье (мотив),Воскресенье,Шаббат |
| STI | 0 | 0 | |a Κυριακή (μοτίβο),Κυριακή,Σαμπάτ,Σάββατο |
| SUB | |a BIB | ||
| SYE | 0 | 0 | |a Schabbat,Schabbes , Tag des Herrn |